| 000 | 00555nam a2200193 i 4500 | ||
|---|---|---|---|
| 001 | 124563 | ||
| 003 | ES-MaACL | ||
| 007 | t| | ||
| 008 | 070330s1942 sp ||||1| spa d | ||
| 100 | 1 |
_aAraiz, Andrés. _922214 |
|
| 245 | 1 | 0 |
_aHistoria de la música religiosa en España / _cAndrés Araiz. |
| 260 |
_aBarcelona : _bLabor, _c[1942] |
||
| 300 |
_a312 p. ; _c17 cm. |
||
| 490 | 1 |
_aColección Labor ; _v408, 409 |
|
| 500 | _aMúsica intercal. | ||
| 830 | 0 | 0 |
_aColección Labor _v408, 409 _9184254 |
| 852 |
_aES-MaACL _jE-2872 |
||
| 999 |
_c124563 _d124563 |
||